[Event "Chess!"]
[Site "http://www.queenalice.com/game.php?id=321710"]
[Date "2007.12.20"]
[Round "-"]
[White "nvwinelover"]
[Black "junelorena"]
[Result "0-1"]
[WhiteElo "1393"]
[BlackElo "1748"]

1. e4 c5 2. c4 Nc6 3. a3 Nf6 4. Nc3 d6 5. d3 e5 6. Bg5 Be7 7. Nd5 Nxd5 8. Bxe7
Ndxe7 9. Be2 O-O 10. Nf3 f5 11. O-O fxe4 12. dxe4 Ng6 13. Qd5+ Kh8 14. Rab1 Nf4
15. Qd1 Nxe2+ 16. Qxe2 Bg4 17. h3 Bxf3 18. gxf3 Nd4 19. Qd3 Qg5+ 20. Kh1 Nxf3
21. h4 Qxh4+ 22. Kg2 Qh2# 0-1

[Event "Let's Play Chess!"]
[Site "http://www.queenalice.com/game.php?id=323006"]
[Date "2007.12.20"]
[Round "-"]
[White "nvwinelover"]
[Black "YouLoseSorry"]
[Result "1-0"]
[WhiteElo "1340"]
[BlackElo "1461"]

1. e4 e5 2. d3 d6 3. Nf3 Nf6 4. Bg5 Bg4 5. h3 h6 6. Bxf6 gxf6 7. hxg4 Rg8 8. d4
exd4 9. Nxd4 Nc6 10. Nxc6 bxc6 11. Ba6 Rb8 12. b3 d5 13. exd5 Qe7+ 14. Kf1 f5
15. gxf5 cxd5 16. Qxd5 Qg5 17. Qe5+ Be7 18. Rg1 f6 19. Qxc7 Qc1+ 20. Ke2 Qxg1
21. Qxb8+ Kf7 22. Bc4+ Kg7 23. Qxg8# 1-0

[Event "Challenge"]
[Site "http://www.queenalice.com/game.php?id=328498"]
[Date "2007.12.31"]
[Round "-"]
[White "nvwinelover"]
[Black "kelton"]
[Result "0-1"]
[WhiteElo "1393"]
[BlackElo "1484"]

1. e4 d6 2. d4 Nf6 3. f3 e6 4. Bg5 Nc6 5. Bb5 Be7 6. g4 Bd7 7. Nc3 a6 8. Ba4 b5
9. Bb3 b4 10. Na4 Nh5 11. Bxe7 Qxe7 12. gxh5 Qh4+ 13. Kf1 Qxh5 14. Qd2 e5 15.
Qg2 g5 16. dxe5 dxe5 17. Nc5 Nd4 18. Bd5 c6 19. Nxd7 Kxd7 20. Bc4 f6 21. Rd1 Kc7
22. c3 bxc3 23. bxc3 Nb5 24. h4 gxh4 25. Qg7+ Kb6 26. Qxf6 Nxc3 27. Rd6 Rac8 28.
Bf7 Nxe4 29. Rxc6+ Rxc6 30. Qxh8 Qxf7 31. Qxe5 Nc3 32. Rxh4 Nxa2 33. Qb8+ Ka5
34. Qe5+ Kb6 35. Qe3+ Kb7 36. Qe4 h5 37. Rf4 Qe6 38. Rh4 Qf7 39. Rxh5 Qxh5 40.
Qe7+ Rc7 41. Qe6 Qh2 42. Qb3+ Ka7 43. Qe3+ Kb7 44. Qb3+ Ka7 45. Qe3+ Kb8 46.
Qb3+ Kc8 47. Qe6+ Kd8 48. Qd5+ Rd7 49. Qa5+ Ke8 50. Qe1+ Re7 51. Qf2 Qxf2+ 52.
Kxf2 Nc3 53. Nh3 a5 54. Nf4 a4 55. Nd3 a3 56. Nb4 Rb7 57. Nc2 Rb2 58. f4 Rxc2+
59. Ke3 a2 60. Kd4 a1=Q 61. f5 Nb5+ 62. Kd5 Nc7+ 63. Kd6 Qd4# 0-1

[Event "Let's Play Chess!"]
[Site "http://www.queenalice.com/game.php?id=333112"]
[Date "2008.1.9"]
[Round "-"]
[White "CampbellMarcel"]
[Black "nvwinelover"]
[Result "0-1"]
[WhiteElo "1820"]
[BlackElo "1410"]

1. d4 d5 2. Bf4 c6 3. f3 Nd7 4. e3 Qa5+ 5. c3 c5 6. Bd3 Nb6 7. b3 cxd4 8. exd4
e6 9. a4 Nd7 10. Ne2 Qd8 11. O-O f6 12. c4 e5 13. dxe5 fxe5 14. Re1 exf4 15.
Nxf4+ Ne7 16. Nxd5 Nb6 17. Nf4 Qd4+ 18. Kh1 Qxa1 19. Bg6+ hxg6 20. Nxg6 Rh6 21.
Nxe7 Re6 22. Rxe6 Bxe6 23. Ng6 Rd8 0-1

[Event "o problema do NE é político"]
[Site "http://www.queenalice.com/game.php?id=337445"]
[Date "2008.1.22"]
[Round "-"]
[White "nvwinelover"]
[Black "jw16js"]
[Result "0-1"]
[WhiteElo "1405"]
[BlackElo "1498"]

1. e4 e5 2. Bb5 a6 3. Bc4 b5 4. Bd5 c6 5. Bb3 Nh6 6. d4 exd4 7. Qxd4 a5 8. Bxh6
f6 9. Bf4 Qe7 10. Bxb8 Rxb8 11. Qa7 Qe5 12. Qxa5 Qxe4+ 13. Ne2 Bb4+ 14. Qxb4
Qxb4+ 15. c3 Qe4 16. Nd2 Qxg2 17. Rg1 Qxh2 18. Nf3 Qh6 19. Rd1 d5 20. Ned4 Rb6
21. Ra1 f5 22. a4 bxa4 23. Bxa4 O-O 24. Ne5 Rxb2 25. Ng4 Qd2+ 26. Kf1 fxg4 27.
Bxc6 Qxf2# 0-1

[Event "Let's Play Chess!"]
[Site "http://www.queenalice.com/game.php?id=347788"]
[Date "2008.2.3"]
[Round "-"]
[White "nvwinelover"]
[Black "proudpawn"]
[Result "0-1"]
[WhiteElo "1408"]
[BlackElo "1749"]

1. e4 c5 2. d4 cxd4 3. Qxd4 Nc6 4. Qc3 Nf6 5. f3 e5 6. Bg5 Bb4 7. Bd2 Bxc3 8.
Bxc3 O-O 9. g4 d5 10. g5 Nh5 11. Bd2 dxe4 12. fxe4 Nf4 13. h4 Qd4 14. Nf3 Qxe4+
15. Kd1 Qxf3+ 16. Kc1 Qxh1 17. Bxf4 Qxf1+ 18. Kd2 Rd8+ 19. Ke3 Qxf4+ 20. Ke2
Bg4+ 0-1

[Event "Let's Play Chess!"]
[Site "http://www.queenalice.com/game.php?id=349161"]
[Date "2008.2.6"]
[Round "-"]
[White "nvwinelover"]
[Black "CampbellMarcel"]
[Result "0-1"]
[WhiteElo "1405"]
[BlackElo "1847"]

1. e4 e6 2. d4 c5 3. dxc5 Bxc5 4. Bd3 Nc6 5. c3 d5 6. b4 dxe4 7. Bxe4 Qxd1+ 8.
Kxd1 Bxf2 9. b5 Ne5 10. Bf4 Nd7 11. Ke2 Bc5 12. Be3 Bxe3 13. Kxe3 f5 14. Bf3
Ngf6 15. Ke2 g5 16. h3 a6 17. Na3 h5 18. g3 g4 19. hxg4 fxg4 20. Bg2 O-O 21.
bxa6 Nd5 22. Rf1 Nxc3+ 23. Kd2 Rxf1 24. Bxf1 Ne4+ 25. Ke1 Nxg3 26. Bg2 Nxh1 27.
Bxh1 Rxa6 28. Be4 Rxa3 29. Bb1 Ne5 30. Ne2 Nf3+ 31. Kf1 h4 32. Be4 Nd2+ 33. Ke1
Nxe4 34. Kd1 Rxa2 35. Nc1 Rh2 36. Nb3 g3 37. Ke1 g2 38. Nd2 g1=Q+ 39. Nf1 Qf2+
40. Kd1 Nc3+ 41. Kc1 Qc2# 0-1

[Event "Let's Play Chess!"]
[Site "http://www.queenalice.com/game.php?id=363003"]
[Date "2008.2.29"]
[Round "-"]
[White "limone_br"]
[Black "nvwinelover"]
[Result "0-1"]
[WhiteElo "1643"]
[BlackElo "1389"]

1. d4 e6 2. c4 d5 3. e3 c5 4. Nc3 dxc4 5. Bxc4 Be7 6. Nge2 b6 7. dxc5 Qxd1+ 8.
Nxd1 Bb7 9. Nf4 Bxc5 10. O-O Nf6 11. Bb5+ Nfd7 12. e4 O-O 13. Nc3 e5 14. Nfd5 a6
15. Be2 Nc6 16. Nc7 Rac8 17. N3d5 b5 18. Be3 Bxe3 19. fxe3 b4 20. Rac1 g6 21.
Nxa6 Bxa6 22. Rxc6 Rxc6 23. Ne7+ Kh8 24. Nxc6 Bxe2 25. Rf2 Bb5 26. Ne7 Nc5 27.
b3 Nxe4 28. Rc2 Bd3 29. Rc7 Nc3 30. Nc6 Nxa2 31. Nxe5 Be4 32. Ng4 Bd5 33. Rc2
Bxb3 34. Rf2 Rc8 35. h3 Rc1+ 36. Kh2 Be6 37. Ne5 b3 38. Rb2 Rc2 39. Rb1 Bd5 40.
Nd7 Rxg2+ 41. Kh1 b2 42. Nc5 Nc3 43. Re1 b1=Q 44. Rxb1 Nxb1 45. e4 Rc2 0-1

[Event "Let's Play Chess!"]
[Site "http://www.queenalice.com/game.php?id=363005"]
[Date "2008.2.29"]
[Round "-"]
[White "nvwinelover"]
[Black "limone_br"]
[Result "0-1"]
[WhiteElo "1399"]
[BlackElo "1637"]

1. e4 e6 2. d4 d5 3. exd5 Qxd5 4. Nc3 Qf5 5. g4 Qa5 6. Bg2 c6 7. f4 Bb4 8. a3
Bxc3+ 9. bxc3 Qxc3+ 10. Bd2 Qxd4 11. Rb1 c5 12. Rb4 cxb4 13. axb4 Nc6 14. c3 Qc4
15. Ne2 e5 16. Rf1 Bxg4 17. Bf3 Bxf3 18. Rxf3 O-O-O 19. fxe5 Nxe5 20. Rg3 Nf6
21. Nf4 Rhe8 22. Rxg7 Neg4+ 23. Be3 Rxd1+ 24. Kxd1 Nxe3+ 25. Kc1 Qxf4 26. Rxf7
Nc4+ 27. Kc2 Qd2+ 28. Kb3 Qf4 29. Rxf6 Qxf6 30. h4 Qxh4 31. b5 Na5+ 32. Ka3 Re3
33. b6 Rxc3+ 34. Ka2 Qb4 35. Ka1 Ra3# 0-1

[Event "Let's Play Chess!"]
[Site "http://www.queenalice.com/game.php?id=363047"]
[Date "2008.2.29"]
[Round "-"]
[White "Maffu"]
[Black "nvwinelover"]
[Result "0-1"]
[WhiteElo "1573"]
[BlackElo "1379"]

1. e4 c5 2. Nc3 a6 3. f4 b5 4. Nf3 e6 5. a3 d5 6. exd5 exd5 7. d4 cxd4 8. Nxd4
Bd6 9. Nxd5 Bb7 10. Qe2+ Ne7 11. f5 O-O 12. f6 Nxd5 13. Bg5 Re8 14. Be3 Nxe3 15.
Qd3 Nxf1+ 16. Kxf1 Qxf6+ 17. Nf5 Be5 18. b3 Rd8 19. Qh3 Bxa1 20. Ke2 Re8+ 21.
Kf2 Bd4+ 0-1

[Event "Let's Play Chess!"]
[Site "http://www.queenalice.com/game.php?id=367595"]
[Date "2008.3.8"]
[Round "-"]
[White "PROFALEXANDRE"]
[Black "nvwinelover"]
[Result "1-0"]
[WhiteElo "1490"]
[BlackElo "1410"]

1. e4 e5 2. Nf3 Nc6 3. Bb5 Nf6 4. Qe2 Nd4 5. Nxd4 exd4 6. e5 Nd5 7. Qf3 c6 8.
Bc4 b5 9. Bxd5 cxd5 10. Qxd5 Rb8 11. Qxd4 Bb7 12. O-O Qg5 13. g3 Rc8 14. c3 Bc5
15. Qd3 Qxe5 16. b4 Bxb4 17. Ba3 Bxa3 18. Nxa3 Qe4 19. Rae1 Qxe1 20. Rxe1+ Kd8
21. Nxb5 Re8 22. Rb1 Re6 23. Qxh7 Rh6 24. Qg8+ Ke7 25. Qxg7 Rcc6 26. Re1+ Rce6
27. Qg5+ Rf6 28. Rb1 Be4 29. Qc5+ Ke8 30. Qc8+ Ke7 31. Nxa7 Bxb1 32. d4 Re1+ 33.
Kg2 Be4+ 34. Kh3 Bf5+ 35. Kh4 Re4+ 36. Kg5 Rg4+ 37. Kh5 d5 38. Qc7+ Kf8 39. Qd8+
Kg7 40. Qxf6+ Kxf6 41. Nc6 1-0

[Event "#53 Simultaneous "]
[Site "http://www.queenalice.com/game.php?id=367682"]
[Date "2008.3.9"]
[Round "-"]
[White "Amadeus"]
[Black "nvwinelover"]
[Result "1-0"]
[WhiteElo "2549"]
[BlackElo "1403"]

1. c4 e5 2. e3 Bb4 3. a3 Bd6 4. Nc3 a6 5. Nf3 Nh6 6. d4 exd4 7. exd4 O-O 8. Bxh6
Re8+ 9. Be3 Nc6 10. Bd3 Bf4 11. O-O Bxe3 12. fxe3 Rxe3 13. Qd2 Re8 14. Ng5 g6
15. Nxf7 Qe7 16. Nd5 Qe6 17. Ng5 Qd6 18. Nf6+ Kg7 19. Nxe8+ Kg8 20. Nxd6 cxd6
21. Qf2 Kg7 22. Qf8# 1-0

[Event "#63 Simultaneous "]
[Site "http://www.queenalice.com/game.php?id=367693"]
[Date "2008.3.9"]
[Round "-"]
[White "Amadeus"]
[Black "nvwinelover"]
[Result "1-0"]
[WhiteElo "2543"]
[BlackElo "1405"]

1. d4 d5 2. c4 c5 3. cxd5 Qxd5 4. Nf3 c4 5. Nc3 Qa5 6. Ne5 Nc6 7. Nxc4 Qd8 8. d5
b5 9. Nxb5 Ba6 10. Qa4 Qxd5 11. Nc7+ Kd7 12. Nxd5 Nf6 13. Ne5+ Kd6 14. Qxc6+ 1-0

[Event "#68 Simultaneous "]
[Site "http://www.queenalice.com/game.php?id=367698"]
[Date "2008.3.9"]
[Round "-"]
[White "nvwinelover"]
[Black "Amadeus"]
[Result "0-1"]
[WhiteElo "1401"]
[BlackElo "2550"]

1. g4 d5 2. d4 Bxg4 3. f3 Bf5 4. h4 Nc6 5. e3 Qd6 6. Bd2 Qg3+ 7. Ke2 e5 8. Be1
Qg6 9. h5 Qe6 10. Bh3 Bxh3 11. Nxh3 exd4 12. Nf4 Qxe3+ 13. Kf1 Qxf4 14. Nd2 Nh6
15. Qe2+ Be7 16. Bh4 Nf5 17. Bxe7 Ng3+ 18. Kf2 Nxe2 19. Bh4 Qxd2 20. Rhe1 Qe3+
21. Kf1 Qxf3+ 22. Bf2 d3 23. Rac1 Qh3# 0-1

[Event "Let's Play Chess!"]
[Site "http://www.queenalice.com/game.php?id=367864"]
[Date "2008.3.9"]
[Round "-"]
[White "MCMLXXXI"]
[Black "nvwinelover"]
[Result "1-0"]
[WhiteElo "1829"]
[BlackElo "1391"]

1. e4 e5 2. Nf3 Nc6 3. Bb5 f6 4. O-O Nd4 5. Nxd4 exd4 6. d3 Bb4 7. a3 Ba5 8. Bc4
d6 9. Bf4 Ne7 10. Nd2 Rb8 11. Nb3 b5 12. Nxa5 bxc4 13. Nxc4 Ng6 14. Bg3 O-O 15.
b3 Ne5 16. Nxe5 fxe5 17. Qd2 c5 18. f4 Rb7 19. fxe5 dxe5 20. Rxf8+ Qxf8 21. Bxe5
Rf7 22. Qe2 Qe7 23. Bg3 Qb7 24. e5 Qb6 25. Re1 Bb7 26. e6 Re7 27. Bh4 Re8 28.
Qh5 Rxe6 29. Rf1 g6 30. Qh6 Re8 31. Be7 Qc6 32. Rf2 Qxg2+ 33. Rxg2 Rxe7 34. Qd2
Bxg2 35. Kxg2 Re5 36. c3 dxc3 37. Qxc3 Re2+ 38. Kf3 Rxh2 39. Qxc5 Rh3+ 40. Kg4
Rxd3 41. Qc4+ Kg7 42. Qxd3 h5+ 43. Kg5 Kh7 44. Qxg6+ Kh8 45. Kf6 a5 46. Qg7# 1-0

[Event "Let's Play Chess!"]
[Site "http://www.queenalice.com/game.php?id=367896"]
[Date "2008.3.9"]
[Round "-"]
[White "elche"]
[Black "nvwinelover"]
[Result "1-0"]
[WhiteElo "1698"]
[BlackElo "1415"]

1. e4 e5 2. Nf3 Nc6 3. Bb5 Nge7 4. O-O Ng6 5. Bxc6 bxc6 6. d4 exd4 7. Qxd4 Ba6
8. Re1 c5 9. Qa4 Qc8 10. c4 Rb8 11. b3 Nf4 12. Bxf4 h6 13. Ne5 c6 14. Nxf7 Rb4
15. Qa3 Kxf7 16. e5 g5 17. e6+ dxe6 18. Be5 Rg8 19. Nc3 Qb7 20. Ne4 Qc8 21. Bd6
Kg7 22. Bxf8+ Rxf8 23. Nxc5 Rb6 24. Nxe6+ Kg8 25. Nxf8 Qxf8 26. Qxf8+ Kxf8 27.
Re6 Bc8 28. Rxh6 Kg7 29. Rd6 a5 30. c5 Ra6 31. Re1 Kf7 32. f3 Kg7 33. Re7+ Kf8
34. Rc7 Ke8 35. Rxc8+ Ke7 36. Rdxc6 Rxc6 37. Rxc6 Kd7 38. Ra6 Kc7 39. Rxa5 Kc6
40. b4 Kd5 41. a4 Kc4 42. Rb5 Kd5 43. a5 Kc4 44. Rb8 Kd5 45. a6 Kc6 46. a7 Kc7
47. Rh8 Kb7 48. a8=Q+ Kc7 49. Rh7# 1-0